| 000 | 00492nam a22002051 4500 | ||
|---|---|---|---|
| 001 | 3115359 | ||
| 005 | 20180205081915.0 | ||
| 008 | 731212s1967 pau b 000 0 eng | ||
| 010 | _a 66025466 | ||
| 040 |
_aDLC _cDLC _dDLC |
||
| 041 | _aeng | ||
| 080 | _a809.52 RAH | ||
| 082 | 0 | 0 | _a809.52 RAH |
| 100 | 1 | _a21 | |
| 101 | _aGJL | ||
| 245 | 1 | 4 | _aThe world of melodrama. |
| 504 | _aBibliography: p. 315-325. | ||
| 906 |
_a7 _bcbc _corignew _du _eocip _f19 _gy-gencatlg |
||
| 942 |
_2ddc _cBK |
||
| 999 |
_c41803 _d41803 |
||